| 000 | 00516nam a2200193 a 4500 | ||
|---|---|---|---|
| 001 | 3451 | ||
| 005 | 20140414132015.0 | ||
| 008 | 060408s19uu xx 00 eng d | ||
| 020 | _a0-394-80018-4 | ||
| 050 |
_aTR _bAR2 1960 |
||
| 100 | _aEastman, P. D. | ||
| 245 |
_aAre you my mother? / _cby P. D. Eastman. |
||
| 260 |
_aCanada : _bBeginner Books, _c1960. |
||
| 300 | _a64 p. : ill. ; cm. | ||
| 440 | _aBeginner Books | ||
| 650 |
_aMother and baby _xFiction. |
||
| 650 | _aChildren stories. | ||
| 999 |
_c113354 _d113354 |
||